LEADER 00781nam a2200205 i 4500 001 000000227803 003 CaOOAMICUS 005 20140310000000.0 008 140310s1871 it u000 u lat u 013 $a206705 040 $aSeMil$bita 245 10$aTomus 15. 300 $a802 p. 500 $aFondo Bidoglio. 773 0 $aBonaventura : da Bagnorea $tS.R.E. Cardinalis s. Bonaventurae opera omnia Sixti 5. pontificis maximi iussu diligentissime emendata.$bEditio accurate recognita ...$dParisiis : L. Vivès, 1864-1871.$g15$w()29522 850 $aSeMil 852 $aSeMil$W1$xVenegono$y1$m2N VII 15 FA$j178149$B178149$CSeMilBibl$Z2$F188949 $8I 941 1 $a2 961 $aLascito: Bidoglio don Maurizio 996 $6245$aTomus 15$9(OLS)http://semarc/title/310302 LEADER 01022nam a2200265 i 4500 001 000000119258 003 CaOOAMICUS 005 20031021000000.0 008 031021s1982 it u000 u ita u 013 $a91951 020 $a88-01-14255-4 040 $aSeMil$bita 100 1 $aGentili, Egidio M. .$0(OLS)http://semarc/name/32107 245 13$aIl nostro Unico Amore :$bl'unione con Dio ieri e oggi /$cEgidio Maria, Gentili. 260 $aLeumann :$bElle Di Ci,$c1982. 300 $a231 p. ;$c21 cm. 500 $aFondo Card. C.M. Martini. 650 4$aAmore.$0(OLS)http://semarc/subject/5789 850 $aSeMil 852 $aSeMil$W1$xVenegono$y1$m2C VI 28$j74489$B74489$CSeMilBibl$Z2$F93043 $81 941 1 $a4 961 $aOmaggio: Martini Card. Carlo Maria 996 $6020$a88-01-14255-4$9(OLS)http://semarc/number/104085 996 $6245$aIl nostro Unico Amore :$bl'unione con Dio ieri e oggi$9(OLS)http://semarc/title/175243 996 $6260$aLeumann :$bElle Di Ci$9(OLS)http://semarc/publisher/29808